000 00297nam a2200121Ia 4500
008 220120s9999||||xx |||||||||||||| ||und||
020 _a9780316027533
082 _a005.1 BAN
100 _aBanerjee, Avik
245 0 _aSprite of C and data structures
260 _bNew York
300 _a112p.
_b225
999 _c136406
_d136406